| 000 | 00637na a2200217 4500 | ||
|---|---|---|---|
| 001 | 13887 | ||
| 003 | MIRAKIL | ||
| 005 | 20181213154819.0 | ||
| 008 | 160827b tu 000 0 | ||
| 035 | _a13887 | ||
| 040 |
_aMilas _btur _cTR-AnCHP |
||
| 082 |
_aATA 923.156 _bO58 2008 |
||
| 090 | _aATA 923.156 O58 2008 | ||
| 245 |
_aOnu anlamak _cderleme M. Cengiz Bendeş |
||
| 260 |
_aİzmir _bYarımada Yayınevi _c2008 |
||
| 300 |
_a96 s. _bfotg. _c24 sm. |
||
| 600 |
_aAtatürk, Mustafa Kemal _d1881-1938 _xFotoğraflar |
||
| 600 |
_aAtatürk, Mustafa Kemal _d1881-1938 _xDerlemeler |
||
| 700 | _aBendeş, M. Cengiz | ||
| 942 |
_2ddc _cBKS |
||
| 999 |
_c1334 _d1334 |
||